| 000 | 00604nam a2200193Ia 4500 | ||
|---|---|---|---|
| 003 | GCL | ||
| 008 | 140319s9999 xx 000 0 ara d | ||
| 040 |
_aGCL / _cGCL |
||
| 082 | 0 | 4 |
_a817 _bم م |
| 100 | 1 | _aمحمد ابراهيم سليم | |
| 245 | 1 | 0 |
_aالمختار من نوادر الاخبار / _cمحمد ابراهيم سليم |
| 700 | 1 | _aالمقرى : ابو عبد الله محمد بن | |
| 260 |
_a[S.N] : _bمكتبة القران ، _c1993 |
||
| 300 | _a127 ص | ||
| 490 | _a | ||
| 650 | 0 | 4 | _aالادب العربى |
| 650 | 0 | 4 | _aالنوادرالعربية |
| 942 |
_2ddc _cBK |
||
| 999 |
_c35831 _d35831 |
||